<?xml version="1.0" encoding="UTF-8"?>
<collection xmlns="http://www.loc.gov/MARC21/slim">
<record>
  <controlfield tag="001">148346</controlfield>
  <controlfield tag="005">20250116161254.0</controlfield>
  <datafield tag="024" ind1="7" ind2=" ">
    <subfield code="2">doi</subfield>
    <subfield code="a">10.14204/ejrep.30.12189</subfield>
  </datafield>
  <datafield tag="024" ind1="8" ind2=" ">
    <subfield code="2">sideral</subfield>
    <subfield code="a">109678</subfield>
  </datafield>
  <datafield tag="037" ind1=" " ind2=" ">
    <subfield code="a">ART-2013-109678</subfield>
  </datafield>
  <datafield tag="041" ind1=" " ind2=" ">
    <subfield code="a">spa</subfield>
  </datafield>
  <datafield tag="100" ind1=" " ind2=" ">
    <subfield code="a">Sánchez-Pérez, Noelia</subfield>
    <subfield code="0">(orcid)0000-0002-6112-9639</subfield>
  </datafield>
  <datafield tag="245" ind1=" " ind2=" ">
    <subfield code="a">Ajuste Escolar del Alumnado con TDAH: factores de riesgo cognitivos, emocionales y temperamentales</subfield>
  </datafield>
  <datafield tag="260" ind1=" " ind2=" ">
    <subfield code="c">2013</subfield>
  </datafield>
  <datafield tag="520" ind1="3" ind2=" ">
    <subfield code="a">Desde diferentes ámbitos de investigación se han identificado las características cognitivas y emocionales asociadas al alumnado con TDAH como factores de riesgo para el desarrollo de una variedad de problemas de ajuste en el entorno escolar. Por otro lado, los estudios en niños y niñas de población no clínica que presentan problemas aislados para la focalización atencio-nal, el control inhibitorio o la impulsividad, han permitido aislar el efecto de dichas variables sobre el ajuste escolar. Dichos estudios permiten arrojar luz sobre los procesos implicados en aquéllos los niños con TDAH. Este trabajo realiza una revisión de la literatura en este tema, incluyendo estudios en población clínica con TDAH y en población de desarrollo típico con y sin dificultades específicas, con el fin de obtener una mejor comprensión sobre los mecanis-mos que pueden conducir a los niños y niñas con TDAH a desarrollar un pobre ajuste a su entorno escolar. Finalmente, en el plano de la intervención, los programas revisados ofrecen resultados prometedores para la mejora del ajuste de los niños con TDAH al contexto escolar.</subfield>
  </datafield>
  <datafield tag="506" ind1="0" ind2=" ">
    <subfield code="a">Access copy available to the general public</subfield>
    <subfield code="f">Unrestricted</subfield>
  </datafield>
  <datafield tag="540" ind1=" " ind2=" ">
    <subfield code="9">info:eu-repo/semantics/openAccess</subfield>
    <subfield code="a">by-nc-nd</subfield>
    <subfield code="u">http://creativecommons.org/licenses/by-nc-nd/3.0/es/</subfield>
  </datafield>
  <datafield tag="655" ind1=" " ind2="4">
    <subfield code="a">info:eu-repo/semantics/article</subfield>
    <subfield code="v">info:eu-repo/semantics/publishedVersion</subfield>
  </datafield>
  <datafield tag="700" ind1=" " ind2=" ">
    <subfield code="a">González-Salinas, Carmen</subfield>
  </datafield>
  <datafield tag="773" ind1=" " ind2=" ">
    <subfield code="g">11, 30 (2013), 527-550</subfield>
    <subfield code="p">Rev. investig. psicoeduc.</subfield>
    <subfield code="t">Electronic Journal of Research in Educational Psychology</subfield>
    <subfield code="x">1699-5880</subfield>
  </datafield>
  <datafield tag="856" ind1="4" ind2=" ">
    <subfield code="s">231265</subfield>
    <subfield code="u">http://zaguan.unizar.es/record/148346/files/texto_completo.pdf</subfield>
    <subfield code="y">Versión publicada</subfield>
  </datafield>
  <datafield tag="856" ind1="4" ind2=" ">
    <subfield code="s">885019</subfield>
    <subfield code="u">http://zaguan.unizar.es/record/148346/files/texto_completo.jpg?subformat=icon</subfield>
    <subfield code="x">icon</subfield>
    <subfield code="y">Versión publicada</subfield>
  </datafield>
  <datafield tag="909" ind1="C" ind2="O">
    <subfield code="o">oai:zaguan.unizar.es:148346</subfield>
    <subfield code="p">articulos</subfield>
    <subfield code="p">driver</subfield>
  </datafield>
  <datafield tag="951" ind1=" " ind2=" ">
    <subfield code="a">2025-01-16-14:31:42</subfield>
  </datafield>
  <datafield tag="980" ind1=" " ind2=" ">
    <subfield code="a">ARTICLE</subfield>
  </datafield>
</record>
</collection>